000 00309nam a2200109Ia 4500
008 171205s9999 xx 000 0 und d
020 _a9789814371728
100 _aAlligood, Martha Raile.
245 _cMartha Raile Alligood
_aNursing Theorists and Their Work
260 _bElsevier
_c2014
300 _a746 pages
999 _c347373
_d347373